|
|
แสดงรายละเอียดบรรณานุกรม |
|
|
Brief Record
: Get Marc (ISO 2709)
: E-mail record
: |
| LEADER 00000nama 2200000uu 4500 | |||
| 001 179351 | |||
| 003 ULIBM | |||
| 008 040531s2539 th m m a000 0 tha d | |||
| 041 tha | |||
| 050 WY152.3 ล438ก | |||
| 100 ลินจง โปธิบาล | |||
| 245 การพยาบาลผู้ป่วยโรคระบบหายใจ / เรียบเรียงโดยลินจง โปธิบาล 001 | |||
| 260 เชียงใหม่ คณะพยาบาลศาสตร์ 2539 | |||
| 300 268 หน้า | |||
| 650 การหายใจ,ระบบ - โรค - การพยาบาล | |||
| 998 1998-10-19 | |||
| คุณยังไม่ได้ล็อกอิน คุณสามารถมีกิจกรรมร่วมกับเว็บไซต์ได้ แต่ต้องล็อกอินก่อน :: |
|
| สถานะ | |||||||||
| 1. | หนังสือทั่วไป | WY152.3 ล438ก 2539 | On Shelf ขอยืม | ||||||
| 2. | หนังสือทั่วไป | WY152.3 ล438ก 2539 | On Shelf ขอยืม | ||||||
| [แสดง 2/2 รายการ] | |||||||||
| รายการใกล้เคียง ผู้แต่ง [ลินจง โปธิบาล] |
BibComment |
| คอมเมนท์ทรัพยากรรายการนี้ |
|
|